LEADER 01334nam a2200301 a 4500 001 000000136140 003 CaOOAMICUS 005 20131113121641.0 008 131113s2013 ne ad u000 u eng r 020 $a978-94-007-5844-5 040 $aPUL$bita 082 04$a501 245 00$aNew challenges to philosophy of science /$cHanne Andersen ... [et al.]. 260 $aDordrecht :$bSpringer Science+Business Media ,$c©2013. 300 $avii, 512 p. :$bill., grafici ;$c24 cm 490 1 $aPhilosophy of science in a European perspective ;$v04 504 $aBibliografia in nota. 650 4$aFilosofia della scienza.$0(OLS)http://pul/subject/5136 700 1 $aAndersen, Hanne,$d1964-$0(OLS)http://pul/name/86097 830 0$aPhilosophy of science in a European perspective ;$v04.$0(OLS)http://pul/title/172153 850 $aPUL 852 $aPUL$W1$xSL Cons. Gen., Altre Classi 3$y75$m501 ANDHA 2$j156914$qDDC 21$B156320$CPULBib$Z2$F156320 $H123166 $82 941 1 $a9 996 $6020$a978-94-007-5844-5$9(OLS)http://pul/number/153898 996 $6082$a501$9(OLS)http://pul/classification/520 996 $6245$aNew challenges to philosophy of science$9(OLS)http://pul/title/172154 996 $6260$aDordrecht :$bSpringer Science+Business Media $9(OLS)http://pul/publisher/82165 LEADER 01228nam a2200301 u 4500 001 000000048143 003 CaOOAMICUS 005 20070226114951.0 008 000405s2000 it u000 u ita u 020 $a8831101277 035 $a10845102 040 $aIPA$bita$dPUL(R) 100 1 $aPercivale, Franco.$0(OLS)http://pul/name/19683 245 12$aL'ascesa naturale a Dio nella filosofia di Rosmini /$cFranco Percivale. 250 $a2. ed. 260 $aRoma :$bCittà Nuova,$c2000. 300 $a376 p. ;$c21 cm 490 1 $aIdee.$aFilosofia ;$v127 500 $aComprende riferimenti bibliografici e indice. 600 14$aRosmini Serbati, Antonio,$cb.,$d1797-1855.$0(OLS)http://pul/subject/28 830 0$aIdee.$pFilosofia ;$v127.$0(OLS)http://pul/title/10408 850 $aPUL 852 $aPUL$W1$xSL Filosofia 2$y80$mPhil A15 127$j64217$nBK-PRI$b $qStampati altre collocazioni$B64217$CPULBib$Z2$F64217 $H $81 941 1 $a10 961 $aINV: 81564 996 $6020$a8831101277$9(OLS)http://pul/number/60430 996 $6245$aL'ascesa naturale a Dio nella filosofia di Rosmini$9(OLS)http://pul/title/32438 996 $6260$aRoma :$bCittà Nuova$9(OLS)http://pul/publisher/47927